000 00607nam a2200193Ia 4500
005 20250508152933.0
008 008 250505s9999 xx 000 0 eng d
037 _aTextual
040 _aFEDL
_beng
_cFEDL
041 _aeng
_2eng
084 _a374.942, HAR
_qFEDL
100 _aHarrison J F C
245 0 _aLearning and living 1790-1960 : A study in the history of the English adult education movement
260 _aLondon, UK
_bRoutledge and Kegan Paul
_c1961
300 _axv,404p
490 _aStudy in social history
942 _cTEXL
_h374.942, HAR
999 _c1339690
_d1339690